000 00858nam a2200253Ia 4500
003 IN-BaIIA
008 211028s9999 xx s 000 0 eng d
020 _a978-1-4614-8010-5 (Print)
020 _a978-1-4614-8011-2 (Online)
022 _a0081-3869 (Print)
022 _a1615-0430 (Online)
040 _cIIA Library
100 _aZimbovskaya, Natalya A.
_939735
245 0 _aTransport Properties of Molecular Junctions
_h[eBook]
260 _aNew York
_bSpringer New York
_c2013
300 _aOnline resource
490 _aSpringer Tracts in Modern Physics
650 _a Applied and Technical Physics
650 _a Electronics and Microelectronics, Instrumentation
_938587
650 _a Nanotechnology
_919235
650 _aMaterials Science
856 _uhttp://doi.org/10.1007/978-1-4614-8011-2
_yClick Here to Access eBook
942 _cEB
999 _c21497
_d21497